[Event "Mazowiec-chT 0708"]
[Site "Poland"]
[Date "2008.01.06"]
[Round "6"]
[White "Staroszczyk, Mateusz"]
[Black "Gadzala, Dariusz"]
[Result "1-0"]
[WhiteElo "2031"]
[BlackElo "1861"]
[PlyCount "69"]
[EventDate "2007.10.14"]
[EventType "team-tourn"]
[EventRounds "10"]
[EventCountry "POL"]
[SourceTitle "EXT 2010"]
[Source "ChessBase"]
[SourceDate "2010.11.25"]
[SourceVersion "1"]
[SourceVersionDate "2010.11.25"]
[SourceQuality "1"]

1. e4 c6 2. d4 d5 3. e5 Bf5 4. Bd3 Bxd3 5. Qxd3 e6 6. c3 c5 7. Ne2 Nc6 8. 0-0 a6 9. Be3 Nge7 10. Nd2 Nf5 11. g4 Nh4 12. f4 h5 13. f5 hxg4 14. fxe6 fxe6 15. Nf4 Kd7 16. Qe2 Nf5 17. Nxe6 Kxe6 18. Rxf5 Kxf5 19. Rf1+ Kg6 20. Qd3+ Kh5 21. Qf5+ g5 22. Qf7+ Kh6 23. Rf6+ Qxf6 24. Qxf6+ Kh7 25. Qf5+ Kg8 26. Qe6+ Kh7 27. Qxd5 Rg8 28. Qf7+ Rg7 29. Qf5+ Kg8 30. Ne4 Be7 31. d5 Nd8 32. d6 Bf8 33. e6 Nc6 34. Bxg5 Re8 35. Nf6+ 1-0

[Event "Mazowiec-chT 0708"]
[Site "Poland"]
[Date "2007.12.09"]
[Round "5"]
[White "Gadzala, Dariusz"]
[Black "Rozycki, Bartlomiej"]
[Result "1-0"]
[WhiteElo "1861"]
[BlackElo "1697"]
[PlyCount "73"]
[EventDate "2007.10.14"]
[EventType "team-tourn"]
[EventRounds "10"]
[EventCountry "POL"]
[SourceTitle "EXT 2010"]
[Source "ChessBase"]
[SourceDate "2010.11.25"]
[SourceVersion "1"]
[SourceVersionDate "2010.11.25"]
[SourceQuality "1"]

1. e4 e5 2. Nf3 Nc6 3. Bb5 a6 4. Ba4 Nf6 5. 0-0 Be7 6. Re1 b5 7. Bb3 0-0 8. c3 d5 9. exd5 Nxd5 10. Nxe5 Nxe5 11. Rxe5 c6 12. d4 Bd6 13. Re1 Qh4 14. g3 Qh3 15. Be3 Bg4 16. Qd3 Bf3 17. Qf1 Qg4 18. Nd2 f5 19. Nxf3 Qxf3 20. Qg2 Qxg2+ 21. Kxg2 Kh8 22. Bxd5 cxd5 23. Bd2 f4 24. Re6 Bc7 25. Rae1 fxg3 26. hxg3 h6 27. Re7 Bd6 28. Rd7 Rad8 29. Rxd8 Rxd8 30. Re6 Kg8 31. f4 Kf7 32. f5 a5 33. a3 a4 34. Kf3 Rd7 35. Bf4 Bxf4 36. Kxf4 Rd8 37. Ke5 1-0

[Event "Mazowiec-chT 0708"]
[Site "Poland"]
[Date "2007.11.18"]
[Round "3"]
[White "Gadzala, Dariusz"]
[Black "Zbrzeski, Piotr"]
[Result "1-0"]
[WhiteElo "1861"]
[BlackElo "1899"]
[PlyCount "79"]
[EventDate "2007.10.14"]
[EventType "team-tourn"]
[EventRounds "10"]
[EventCountry "POL"]
[SourceTitle "EXT 2010"]
[Source "ChessBase"]
[SourceDate "2010.11.25"]
[SourceVersion "1"]
[SourceVersionDate "2010.11.25"]
[SourceQuality "1"]

1. e4 Nf6 2. Nc3 d5 3. e5 Nfd7 4. d4 Nb6 5. Nce2 Bf5 6. Ng3 Bg6 7. h4 h6 8. h5 Bh7 9. e6 fxe6 10. Bd3 Qd6 11. Bxh7 Rxh7 12. Qd3 Rh8 13. Nf3 Nc6 14. Qg6+ Kd7 15. Qg4 Nc4 16. 0-0 Rd8 17. b3 Nb6 18. Re1 Kc8 19. Bf4 Qd7 20. c3 e5 21. Qxd7+ Nxd7 22. dxe5 e6 23. b4 Be7 24. b5 Na5 25. Nd4 Nc5 26. Nge2 Kd7 27. Rad1 g5 28. hxg6 Rdg8 29. Bc1 Rxg6 30. Nf4 Rgg8 31. Ndxe6 Nxe6 32. Rxd5+ Bd6 33. exd6 Ng5 34. Re7+ Kd8 35. Rxc7 Re8 36. Be3 Rhf8 37. Ng6 Nf3+ 38. gxf3 Rg8 39. Bxh6 Rxg6+ 40. Bg5+ 1-0

[Event "Mazowieckie-chT 0506"]
[Site "Poland"]
[Date "2006.01.22"]
[Round "9"]
[White "Gadzala, Dariusz"]
[Black "Kwasniak, Tomasz"]
[Result "0-1"]
[WhiteElo "1800"]
[BlackElo "2000"]
[PlyCount "66"]
[EventDate "2005.10.09"]
[EventType "team-tourn"]
[EventRounds "9"]
[EventCountry "POL"]
[SourceTitle "EXT 2019"]
[Source "ChessBase"]
[SourceDate "2018.10.10"]
[SourceVersion "1"]
[SourceVersionDate "2018.10.10"]
[SourceQuality "1"]

1. e4 c5 2. Nf3 d6 3. d4 cxd4 4. Nxd4 Nf6 5. Nc3 a6 6. Bg5 e5 7. Nb3 Be6 8. Qd2 b5 9. a3 Nbd7 10. f3 Rc8 11. Be3 Nb6 12. Qf2 Nfd7 13. Rd1 Be7 14. Nd2 0-0 15. Bd3 d5 16. exd5 Nxd5 17. Nxd5 Bxd5 18. 0-0 f5 19. Qe2 Qc7 20. Nb1 Nb6 21. Nd2 Na4 22. c4 bxc4 23. Bc2 Nxb2 24. Rb1 c3 25. Bb3 Bxb3 26. Nxb3 Qc4 27. Qc2 Bxa3 28. Nc1 Bc5 29. Bxc5 Qxc5+ 30. Kh1 a5 31. Ne2 a4 32. Rbc1 a3 33. Qb3+ Qc4 0-1

[Event "Mazowieckie-chT 0405"]
[Site "Poland"]
[Date "2005.01.09"]
[Round "7"]
[White "Gadzala, Dariusz"]
[Black "Sokolowski, Krzysztof"]
[Result "1-0"]
[WhiteElo "1800"]
[BlackElo "2062"]
[PlyCount "77"]
[EventDate "2004.10.03"]
[EventType "team-tourn"]
[EventRounds "10"]
[EventCountry "POL"]
[SourceTitle "EXT 2019"]
[Source "ChessBase"]
[SourceDate "2018.10.10"]
[SourceVersion "1"]
[SourceVersionDate "2018.10.10"]
[SourceQuality "1"]

1. e4 e5 2. Nf3 Nf6 3. Nxe5 d6 4. Nf3 Nxe4 5. d4 d5 6. Bd3 Bd6 7. 0-0 0-0 8. c4 c6 9. Nc3 Re8 10. Re1 f5 11. Bg5 Nxg5 12. Rxe8+ Qxe8 13. Nxg5 Qg6 14. Nf3 dxc4 15. Bxc4+ Kh8 16. Qb3 b5 17. Bf7 Qf6 18. Re1 Bd7 19. Be6 g6 20. d5 cxd5 21. Qxd5 b4 22. Nd1 Bc6 23. Qxd6 Be4 24. Qe5 Kg7 25. Qxf6+ Kxf6 26. Bc4 Nd7 27. Nd2 Bb7 28. Re6+ Kg5 29. Ne3 Rd8 30. Rd6 f4 31. Nef1 a5 32. Bb5 Bc8 33. Bxd7 Rxd7 34. Rxd7 Bxd7 35. f3 Kf5 36. Kf2 a4 37. a3 bxa3 38. bxa3 Ke5 39. Ne4 1-0